Pokémon: Super Mystery Dungeon Bosses - Statistics

General Stats
  • This quiz has been taken 136 times
    6 since last reset
  • The average score is 29 of 39
Answer Stats
Dungeon Type Boss % Correct
Zero Isle Dragon/Ghost Giratina
100%
Ancient Barrow Dragon/Ghost* Giratina (Solosis)
100%
Ancient Barrow Fire/Ghost Litwick
100%
Road to Primeval Forest Grass/Dark Nuzleaf
100%
Poliwrath River Water/Fighting Poliwrath
100%
Nectar Meadow Bug/Poison Beedrill
83%
Distress Mountain Dark Darkrai
83%
Dragon Gate Dragon/Steel Dialga
83%
Drilbur Coal Mine Dragon/Ground Gabite
83%
Magma Chamber Ground Groudon
83%
Prism Bridge Fire/Flying Ho-oh
83%
Expedition Society Psychic/Steel Jirachi
83%
Ocean Tempest Water Kyogre
83%
Altar of Ice Dragon/Ice Kyurem
83%
Sea Shrine Psychic/Flying Lugia
83%
Island of Isolation Psychic Mewtwo
83%
Dragon Gate Dragon/Water Palkia
83%
Poliwrath River Water Poliwag
83%
Dragon Gate Dragon/Flying Rayquaza
83%
Triple Point Temple Ice Regice
83%
Triple Point Temple Rock Regirock
83%
Triple Point Temple Steel Registeel
83%
Sky Ruins Dragon/Fire Reshiram
83%
Road to Primeval Forest Dark/Flying Yveltal
83%
Sky Ruins Dragon/Electric Zekrom
83%
Blue Point Ice/Flying Articuno
67%
Nectar Meadow Bug/Flying Combee
67%
Fire Island Volcano Fire Entei
67%
Reverse Mountain Ghost/Poison Gengar
67%
Red Point Fire/Flying Moltres
67%
Triple Point Temple Normal Regigigas
67%
Reverse Mountain Rock/Dark Tyranitar
67%
Yellow Point Electric/Flying Zapdos
67%
Pledge Hill Steel/Fighting Cobalion
50%
Tree of Life ??? Dark Matter
50%
Fire Island Volcano Fire Magmar
50%
Fire Island Volcano Fire Magmortar
50%
Road to Primeval Forest Psychic Beheeyem
17%
Cave of the Deep ??? Void Shadows
17%
No matching quizzes found
Score Distribution
Percent of People with Each Score
Percentile by Number Answered
Your Score History
You have not taken this quiz since the last reset